Superbowl Winners - Statistics

General Stats
  • This quiz has been taken 345 times
    334 since last reset
  • The average score is 31 of 32
Answer Stats
Team Number % Correct
Packers Four
99%
Bears One
99%
Redskins Three
99%
Vikings Zero
99%
Lions Zero
99%
Cowboys Five
98%
Giants Four
98%
Saints One
98%
Buccaneers One
98%
Eagles Zero
98%
Panthers Zero
98%
Bills Zero
98%
49ers Five
97%
Patriots Four
97%
Rams One
97%
Seahawks One
97%
Jets One
97%
Chiefs One
97%
Steelers Six
97%
Broncos Three
97%
Raiders Three
97%
Ravens Two
97%
Dolphins Two
97%
Colts Two
97%
Falcons Zero
97%
Cardinals Zero
97%
Browns Zero
97%
Bengals Zero
97%
Texans Zero
97%
Titans Zero
97%
Jaguars Zero
97%
Chargers Zero
97%
No matching quizzes found
Score Distribution
Percent of People with Each Score
Percentile by Number Answered
Your Score History
You have not taken this quiz since the last reset